Retail management : A strategic approach
Đã lưu trong:
| 主要作者: | |
|---|---|
| 格式: | 图书 |
| 语言: | Undetermined |
| 出版: |
New York, NY
Pearson Prentice-Hall
2004
|
| 标签: |
添加标签
没有标签, 成为第一个标记此记录!
|
| Thư viện lưu trữ: | Trung tâm Học liệu Trường Đại học Cần Thơ |
|---|
| LEADER | 00531nam a2200205Ia 4500 | ||
|---|---|---|---|
| 001 | CTU_74583 | ||
| 008 | 210402s9999 xx 000 0 und d | ||
| 020 | |b 342000 | ||
| 020 | |c 1009650 | ||
| 082 | |a 658.87 | ||
| 082 | |b B516 | ||
| 100 | |a Berman, Barry | ||
| 245 | 0 | |a Retail management : | |
| 245 | 2 | |b A strategic approach | |
| 245 | 0 | |c Barry Berman, Joel R. Evans | |
| 260 | |a New York, NY | ||
| 260 | |b Pearson Prentice-Hall | ||
| 260 | |c 2004 | ||
| 904 | |i Minh | ||
| 980 | |a Trung tâm Học liệu Trường Đại học Cần Thơ | ||